MARC

LEADER 00000nam^a2200000^a^4500
001 000165171
005 20250521000000.0
009 20260310101008.098
020 |a 958-9307-35-3 
037 |a Acervo ITESO - Biblioteca 
041 |a ESP 
082 |a 330. 1220980  |b RES 
100 |a Restrepo Botero, Darío  |e (ed.) 
245 1 3 |a La falacia neoliberal :  |b crítica y alternativas /  |c Ed. de D. Restrepo Botero ; presentación de Víctor Manuel Moncayo C. 
264 4 |a Bogotá, Colombia :  |b Universidad Nacional de Colombia,  |c 2003, c2003 
300 |a 523 p. 
336 |a texto  |b txt  |2 rdacontenido 
337 |a sin mediación  |b n  |2 rdamedio 
338 |a volumen  |b nc  |2 rdasoporte 
649 |a XX 
650 |a Justicia e Injusticia -  |z Latinoamérica 
650 |a Empleo y Desempleo -  |z Latinoamérica 
650 |a Educación y Estado -  |z Latinoamérica 
650 |a Comunicación y Política -  |z Latinoamérica 
650 |a Fondos para el Retiro -  |z Latinoamérica 
650 |a Recursos Energéticos -  |z Colombia 
650 |a Neoliberalismo -  |z Colombia 
650 |a Neoliberalismo -  |z Latinoamérica 
650 |a Globalización -  |z Latinoamérica 
650 |a Política Fiscal -  |z Latinoamérica 
650 |a Política Agraria -  |z Latinoamérica 
650 |a Política y Salud Pública -  |z Latinoamérica 
650 |a Política Ambiental -  |z Latinoamérica 
650 |a Política Social -  |z Latinoamérica 
650 |a Política Económica -  |z Latinoamérica 
650 |a Economía -  |z Latinoamérica -  |x Historia -  |y Siglo XX 
650 |a Latinoamérica -  |x Condiciones Sociales y Culturales 
650 |a Latinoamérica -  |x Condiciones Económicas 
910 |a Fondo General 
920 |a Impresos - Libros 
930 |a Colección General 
905 |a 101 
901 |a 0500099534  |b IT1  |c ACC  |u 20250521 
902 |a https://opac.biblio.iteso.mx/vufind/Record/000165171